श्रीमती इंदिरा गाँधी के राजनितिक विचार / (Record no. 113044)
[ view plain ]
| 000 -LEADER | |
|---|---|
| fixed length control field | 01155nam a22002537a 4500 |
| 005 - DATE AND TIME OF LATEST TRANSACTION | |
| control field | 20170124102947.0 |
| 010 ## - LIBRARY OF CONGRESS CONTROL NUMBER | |
| LC control number | B-149378 |
| 020 ## - INTERNATIONAL STANDARD BOOK NUMBER | |
| Terms of availability | 300.00 |
| International Standard Book Number | 8187364122 |
| 035 ## - SYSTEM CONTROL NUMBER | |
| System control number | B-149378 |
| 037 ## - SOURCE OF ACQUISITION | |
| Source of stock number/acquisition | Cen Lib/Ret |
| 040 ## - CATALOGING SOURCE | |
| Original cataloging agency | DPL |
| Language of cataloging | HN |
| 082 ## - DEWEY DECIMAL CLASSIFICATION NUMBER | |
| Classification number | 320.5 |
| Item number | परोहा |
| 100 ## - MAIN ENTRY--PERSONAL NAME | |
| Personal name | परोहा, उमा |
| 9 (RLIN) | 5680 |
| 245 ## - TITLE STATEMENT | |
| Title | श्रीमती इंदिरा गाँधी के राजनितिक विचार / |
| Statement of responsibility, etc | उमा परोहा |
| 246 ## - VARYING FORM OF TITLE | |
| Title proper/short title | Shrimati indira gandhi ke rajnitik vichar / |
| Remainder of title | by Uma Paroha |
| 260 ## - PUBLICATION, DISTRIBUTION, ETC. (IMPRINT) | |
| Place of publication, distribution, etc | रीवा |
| Name of publisher, distributor, etc | गायत्री पब्लिकेशन्स |
| Date of publication, distribution, etc | 2004 |
| 270 ## - ADDRESS | |
| Address | 41/42, रघुवंश सदन, शांति कुञ्ज, बिछिया |
| City | रीवा |
| Postal code | 48001 |
| 300 ## - PHYSICAL DESCRIPTION | |
| Extent | 160पृ. |
| Dimensions | 21सेमी (सजिल्द) |
| 650 ## - SUBJECT ADDED ENTRY--TOPICAL TERM | |
| Topical term or geographic name as entry element | राजनीतिक विज्ञान |
| 9 (RLIN) | 50341 |
| 650 ## - SUBJECT ADDED ENTRY--TOPICAL TERM | |
| Topical term or geographic name as entry element | राजनितिक विचारधारा |
| General subdivision | इंदिरा |
| 9 (RLIN) | 50342 |
| 650 ## - SUBJECT ADDED ENTRY--TOPICAL TERM | |
| Topical term or geographic name as entry element | Political science |
| 9 (RLIN) | 50343 |
| 650 ## - SUBJECT ADDED ENTRY--TOPICAL TERM | |
| Topical term or geographic name as entry element | Political ideology |
| General subdivision | Indira |
| 9 (RLIN) | 50344 |
| 942 ## - ADDED ENTRY ELEMENTS (KOHA) | |
| Source of classification or shelving scheme | Dewey Decimal Classification |
| Koha item type | Hindi Books |
| Classification part | 320.5 |
| Call number suffix | परोहा |
| Withdrawn status | Lost status | Damaged status | Not for loan | Home library | Current library | Date acquired | Source of acquisition | Cost, normal purchase price | Total Checkouts | Full call number | Barcode | Date last seen | Date checked out | Copy number | Cost, replacement price | Price effective from | Koha item type | Source of classification or shelving scheme | Collection code |
|---|---|---|---|---|---|---|---|---|---|---|---|---|---|---|---|---|---|---|---|
| Central Library | Central Library | 11/08/2015 | Cen Lib/Ret | 300.00 | 2 | 320.5 परोहा | B-149378 | 31/12/2022 | 27/12/2022 | 1 | 300.00 | 11/08/2015 | Hindi Books | ||||||
| Shahdara Branch | Shahdara Branch | 08/12/2018 | BPPD/PUB | 300.00 | 320.5 परोहा | B-149387 | 08/12/2018 | 300.00 | 08/12/2018 | Hindi Books | Dewey Decimal Classification | Non-fiction |
